Khalam kidouna / (Record no. 11138)

MARC details
000 -LEADER
fixed length control field 00425nam a22001697a 4500
003 - CONTROL NUMBER IDENTIFIER
control field GBCCL
005 - DATE AND TIME OF LATEST TRANSACTION
control field 20260127131422.0
008 - FIXED-LENGTH DATA ELEMENTS--GENERAL INFORMATION
fixed length control field 260127b |||||||| |||| 00| 0 eng d
040 ## - CATALOGING SOURCE
Transcribing agency GBC
082 ## - DEWEY DECIMAL CLASSIFICATION NUMBER
Classification number VER 235.4
Item number LAN 1
100 ## - MAIN ENTRY--PERSONAL NAME
Personal name Langzakham, Sonna
245 ## - TITLE STATEMENT
Title Khalam kidouna /
Statement of responsibility, etc. Rev Dr Sonna Langzakham
260 ## - PUBLICATION, DISTRIBUTION, ETC.
Place of publication, distribution, etc. Lamka :
Name of publisher, distributor, etc. Author,
Date of publication, distribution, etc. 2025
300 ## - PHYSICAL DESCRIPTION
Extent 230p. ;
650 ## - SUBJECT ADDED ENTRY--TOPICAL TERM
Topical term or geographic name entry element Spiritual warfare
942 ## - ADDED ENTRY ELEMENTS (KOHA)
Source of classification or shelving scheme Dewey Decimal Classification
Koha item type Books
Suppress in OPAC No
Holdings
Withdrawn status Lost status Source of classification or shelving scheme Damaged status Not for loan Home library Current Library Shelving location Date acquired Total checkouts Full call number Barcode Date last seen Copy number Price effective from Koha item type
    Dewey Decimal Classification     GRACE BIBLE COLLEGE GRACE BIBLE COLLEGE Vernacular 2026-01-27   VER 235.4 LAN 017346 2026-01-27 c.1 2026-01-27 Books
    Dewey Decimal Classification     GRACE BIBLE COLLEGE GRACE BIBLE COLLEGE Vernacular 2026-01-27   VER 235.4 LAN 017347 2026-01-27 c.2 2026-01-27 Books
    Dewey Decimal Classification     GRACE BIBLE COLLEGE GRACE BIBLE COLLEGE Vernacular 2026-01-27   VER 235.4 LAN 017348 2026-01-27 c.3 2026-01-27 Books
    Dewey Decimal Classification     GRACE BIBLE COLLEGE GRACE BIBLE COLLEGE Vernacular 2026-01-27   VER 235.4 LAN 017349 2026-01-27 c.4 2026-01-27 Books
    Dewey Decimal Classification     GRACE BIBLE COLLEGE GRACE BIBLE COLLEGE Vernacular 2026-01-27   VER 235.4 LAN 017350 2026-01-27 c.5 2026-01-27 Books
© Grace Bible College Library 2025